00617 2200217 4500001002100000005001500021035002000036007000300056008004100059020002100100082001600121084002200137100001600159245003800175250002000213260006500233300003500298650002600333650002200359856001800381INLIS00000000000003620250710113955 a0010-0725000036ta250710 a 0 ind  a978-623-118795-6 a398.209 598 a398.209 598 IWO b0 aIwok abqary1 aBuku berharga lodi /cIwok abqary aCetakan pertama aRawamangun :bBadan pengembangan dan pembinaan bahasa,c2024 a28 hlm. :bIlus. ;c29,7x21 cm 4aCerita anak-indonesia 4aKesusastraan anak aTBM As suhada